[Event "Spanish Championship"]
[Site "Las Palmas Gran Canaria"]
[Date "2017.10.05"]
[Round "7"]
[White "Perez Candelario, Manuel"]
[Black "Anton Guijarro, David"]
[Result "1/2-1/2"]
[WhiteTitle "GM"]
[BlackTitle "GM"]
[WhiteElo "2591"]
[BlackElo "2656"]
[Board "1"]
[WhiteCountry "ESP"]
[WhiteFideId "2210622"]
[WhiteEloChange "1"]
[BlackCountry "ESP"]
[BlackFideId "2285525"]
[BlackEloChange "-1"]

1. e4 e5 2. Nf3 Nc6 3. d4 exd4 4. Bc4 Bc5 5. c3 Nf6 6. e5 d5 7. Bb5 Ne4 8.
cxd4 Bb6 9. Nc3 O-O 10. Be3 f5 11. exf6 Rxf6 12. O-O Bg4 13. Be2 Qd6 14.
Qb3 Nxc3 15. bxc3 Raf8 16. Rfe1 h6 17. a4 Na5 18. Qc2 Bxf3 19. Bxf3 Nc4 20.
Bg4 c5 21. g3 Nxe3 22. fxe3 Ba5 23. Rf1 Qe7 24. Qd2 Rxf1+ 25. Rxf1 Rxf1+
26. Kxf1 Qe4 27. h3 h5 28. Bc8 cxd4 29. exd4 g6 30. Qe2 Bxc3 31. Qxe4 dxe4
32. Bxb7 1/2-1/2

[Event "Spanish Championship"]
[Site "Las Palmas Gran Canaria"]
[Date "2017.10.05"]
[Round "7"]
[White "Salgado Lopez, Ivan"]
[Black "Ladron De Guevara Pinto, Paolo"]
[Result "1-0"]
[WhiteTitle "GM"]
[BlackTitle "FM"]
[WhiteElo "2627"]
[BlackElo "2414"]
[Board "2"]
[WhiteCountry "ESP"]
[WhiteFideId "2257327"]
[WhiteEloChange "2"]
[BlackCountry "ESP"]
[BlackFideId "2290847"]
[BlackEloChange "-2"]

1. e4 e5 2. Nf3 Nc6 3. Bb5 a6 4. Ba4 Nf6 5. d3 b5 6. Bb3 Be7 7. a4 Rb8 8.
O-O O-O 9. Re1 d6 10. axb5 axb5 11. Nbd2 Be6 12. Bxe6 fxe6 13. Nf1 h6 14.
Bd2 Ra8 15. b4 Nh7 16. c3 Qd7 17. Qe2 Bf6 18. Be3 Rfd8 19. N1d2 Nf8 20.
Rec1 Qe8 21. h3 Rxa1 22. Rxa1 Ra8 23. Qd1 d5 24. Nb3 Nd7 25. Nc5 Nxc5 26.
Bxc5 Qc8 27. Qb1 Qb7 28. Ra2 Nb8 29. Kh2 Ra6 30. Re2 Nd7 31. d4 dxe4 32.
Rxe4 Qd5 33. Qe1 Ra1 34. Qe3 exd4 35. Bxd4 Qd6+ 36. Ne5 Nxe5 37. Bxe5 Bxe5+
38. Rxe5 Ra2 39. f4 Qc6 40. Qg3 Rc2 41. Qg6 Rf2 42. Qxe6+ Qxe6 43. Rxe6
Rxf4 44. Rc6 Rf2 45. Rxc7 Kh7 46. Rc6 Rc2 47. Kg3 h5 48. Kf3 g6 49. h4 Kh6
50. g3 Rc1 51. Rc5 Rf1+ 52. Ke3 Rg1 53. Rg5 Kg7 54. Kd4 Kf6 55. Kc5 Rc1 56.
Kxb5 Rxc3 57. Kb6 1-0

[Event "Spanish Championship"]
[Site "Las Palmas Gran Canaria"]
[Date "2017.10.05"]
[Round "7"]
[White "Forcen Esteban, Daniel"]
[Black "Gutierrez Olivares, Daniel"]
[Result "1-0"]
[WhiteTitle "GM"]
[BlackTitle "FM"]
[WhiteElo "2528"]
[BlackElo "2349"]
[Board "3"]
[WhiteCountry "ESP"]
[WhiteFideId "2288230"]
[WhiteEloChange "3"]
[BlackCountry "ESP"]
[BlackFideId "2264005"]
[BlackEloChange "-5"]

1. d4 e6 2. Nf3 Nf6 3. e3 b6 4. Bd3 Bb7 5. O-O c5 6. c4 Be7 7. Nc3 d6 8. d5
exd5 9. cxd5 O-O 10. e4 a6 11. a4 Nbd7 12. h3 Re8 13. Re1 Bf8 14. Bf4 Nh5
15. Bh2 Qf6 16. e5 Qh6 17. g4 Nf4 18. Bxf4 Qxf4 19. Re4 Qh6 20. g5 Qxh3 21.
Rh4 Qxh4 22. Nxh4 Nxe5 23. f4 Nd7 24. Bf5 Rad8 25. Qg4 Nb8 26. Ne4 Kh8 27.
Qh5 g6 28. Bxg6 1-0

[Event "Spanish Championship"]
[Site "Las Palmas Gran Canaria"]
[Date "2017.10.05"]
[Round "7"]
[White "Sanchez Aller, Fernando"]
[Black "Castellanos Rodriguez, Renier"]
[Result "0-1"]
[WhiteTitle "FM"]
[BlackTitle "IM"]
[WhiteElo "2341"]
[BlackElo "2481"]
[Board "4"]
[WhiteCountry "ESP"]
[WhiteFideId "2222892"]
[WhiteEloChange "-6"]
[BlackCountry "ESP"]
[BlackFideId "3404650"]
[BlackEloChange "3"]

1. e4 c5 2. Nf3 e6 3. Nc3 a6 4. g3 Nc6 5. Bg2 d6 6. O-O Nf6 7. a4 Be7 8. d4
cxd4 9. Nxd4 Qc7 10. Nb3 b6 11. f4 Bb7 12. g4 h6 13. h3 Nd7 14. Be3 Rc8 15.
Qe2 Na5 16. Nxa5 bxa5 17. Qf2 O-O 18. h4 Nf6 19. Bf3 Qc4 20. Qg2 d5 21. e5
Ne4 22. Bxe4 dxe4 23. g5 h5 24. Rfc1 Bb4 25. Ne2 Bd2 26. Qf2 Bxc1 27. Rxc1
Qxa4 28. Nd4 g6 29. c3 Bd5 30. Kh2 Rb8 31. Rg1 Rb7 32. f5 exf5 33. Nxf5
gxf5 34. g6 fxg6 35. Rxg6+ Rg7 36. Rxg7+ Kxg7 37. Qg3+ Kf7 38. Qg5 Qc6 0-1

[Event "Spanish Championship"]
[Site "Las Palmas Gran Canaria"]
[Date "2017.10.05"]
[Round "7"]
[White "Ibarra Jerez, Jose Carlos"]
[Black "Garza Marco, Sergio"]
[Result "1/2-1/2"]
[WhiteTitle "GM"]
[BlackTitle "IM"]
[WhiteElo "2561"]
[BlackElo "2409"]
[Board "5"]
[WhiteCountry "ESP"]
[WhiteFideId "2226332"]
[WhiteEloChange "-2"]
[BlackCountry "ESP"]
[BlackFideId "2210177"]
[BlackEloChange "2"]

1. e4 c6 2. d4 d5 3. e5 Bf5 4. h4 c5 5. g4 Bd7 6. c3 Nc6 7. Na3 Rc8 8. Nc2
cxd4 9. cxd4 Qb6 10. h5 Nh6 11. Be2 f6 12. f4 e6 13. Nh3 Bb4+ 14. Kf1 fxe5
15. fxe5 Be7 16. Kg2 Nf7 17. Rf1 Nb4 18. Ne1 Bb5 19. Bxb5+ Qxb5 20. a3 Nc6
21. Nf3 Na5 22. Rf2 Nb3 23. Rb1 Rc6 24. Bf4 a5 25. Be3 a4 26. g5 Nd8 27. g6
hxg6 28. Nf4 Nf7 29. Nxg6 Rxh5 30. Nxe7 Kxe7 31. Ng5 Rxg5+ 32. Bxg5+ Nxg5
33. Qh5 Kd7 34. Qxg5 Kc7 35. Rd1 Kb6 36. Qxg7 Ka7 37. Qg4 Qb6 38. Rf6 Rc2+
39. Rf2 Rc4 40. Rf4 Nc1 41. Rd2 Nb3 42. Rd1 Nc1 43. Rd2 Nb3 44. Rd1 Nc1 45.
Rd2 1/2-1/2

[Event "Spanish Championship"]
[Site "Las Palmas Gran Canaria"]
[Date "2017.10.05"]
[Round "7"]
[White "Suarez Garcia, Carlos"]
[Black "Santos Latasa, Jaime"]
[Result "1/2-1/2"]
[WhiteTitle "IM"]
[BlackTitle "IM"]
[WhiteElo "2463"]
[BlackElo "2523"]
[Board "6"]
[WhiteCountry "ESP"]
[WhiteFideId "22230858"]
[WhiteEloChange "1"]
[BlackCountry "ESP"]
[BlackFideId "2293307"]
[BlackEloChange "-1"]

1. d4 Nf6 2. Nf3 d5 3. Bf4 c5 4. e3 Nc6 5. c3 e6 6. Nbd2 Bd6 7. Bg3 O-O 8.
Bb5 h6 9. O-O Bxg3 10. hxg3 Qd6 11. Qa4 Bd7 12. Qa3 b6 13. Rac1 Rfc8 14.
Rfd1 Qe7 15. Bxc6 Bxc6 16. Ne5 Be8 17. c4 Kf8 18. dxc5 Qxc5 19. Qxc5+ Rxc5
20. Nd3 Rcc8 21. f3 Ke7 22. Kf2 dxc4 23. Nxc4 Rc7 24. Nce5 Rac8 25. Rxc7+
Rxc7 26. Rc1 Rxc1 27. Nxc1 Nd5 28. Ned3 f5 29. Ne5 Bb5 30. g4 Kd6 31. Nf7+
Ke7 32. Ne5 Kd6 33. Nf7+ 1/2-1/2

[Event "Spanish Championship"]
[Site "Las Palmas Gran Canaria"]
[Date "2017.10.05"]
[Round "7"]
[White "Asis Gargatagli, Hipolito"]
[Black "Alvarado Diaz, Alejandro"]
[Result "1/2-1/2"]
[WhiteTitle "IM"]
[BlackTitle "IM"]
[WhiteElo "2519"]
[BlackElo "2407"]
[Board "7"]
[WhiteCountry "ESP"]
[WhiteFideId "2260735"]
[WhiteEloChange "-2"]
[BlackCountry "ESP"]
[BlackFideId "2276119"]
[BlackEloChange "2"]

1. e4 d6 2. Nc3 Nf6 3. f4 d5 4. e5 d4 5. Nce2 d3 6. exf6 dxe2 7. Qxe2 gxf6
8. Nf3 Nc6 9. c3 Bg4 10. h3 Be6 11. d4 Qd6 12. Be3 O-O-O 13. Nd2 Kb8 14.
Ne4 Qd7 15. Nc5 Qc8 16. Nxe6 Qxe6 17. g4 Na5 18. Bd2 Qxe2+ 19. Bxe2 e6 20.
O-O-O Nc6 21. Bc4 h5 22. Rdf1 Bd6 23. Rhg1 hxg4 24. hxg4 Na5 25. Bd3 c5 26.
dxc5 Bxc5 27. Rg3 Bb6 28. b4 Nc6 29. Be4 Ne7 30. f5 Bc7 31. Rd3 Rxd3 32.
Bxd3 Be5 33. fxe6 fxe6 34. Bc4 Nd5 35. Bxd5 1/2-1/2

[Event "Spanish Championship"]
[Site "Las Palmas Gran Canaria"]
[Date "2017.10.05"]
[Round "7"]
[White "Montero Melendez, Rafael"]
[Black "Arizmendi Martinez, Julen Luis"]
[Result "0-1"]
[WhiteTitle "FM"]
[BlackTitle "GM"]
[WhiteElo "2376"]
[BlackElo "2513"]
[Board "8"]
[WhiteCountry "ESP"]
[WhiteFideId "2221772"]
[WhiteEloChange "-6"]
[BlackCountry "ESP"]
[BlackFideId "2205092"]
[BlackEloChange "3"]

1. c4 e5 2. g3 Nf6 3. Bg2 c6 4. d4 e4 5. Nc3 d5 6. cxd5 cxd5 7. Bg5 Bb4 8.
Qb3 Bxc3+ 9. bxc3 Nbd7 10. Nh3 O-O 11. O-O h6 12. Bxf6 Nxf6 13. c4 dxc4 14.
Qxc4 Bf5 15. e3 g5 16. Kh1 Qc8 17. Qxc8 Raxc8 18. Rfc1 Nd5 19. a3 b5 20.
Ng1 b4 21. Rxc8 Rxc8 22. axb4 Nxb4 23. g4 Nd3 24. Ra2 Be6 25. Rd2 Bd5 26.
f3 a5 27. fxe4 Bc4 28. Bf1 Nb4 29. Bxc4 Rxc4 30. d5 Kf8 31. Nf3 Rxe4 32. d6
Ke8 33. Nd4 Rxe3 34. Nf5 Re1+ 35. Kg2 Kd7 36. Rd4 Nc6 37. Ra4 Re2+ 38. Kg3
f6 39. h3 Rb2 40. Ra3 Rb4 41. Kf2 a4 42. Ke3 Ne5 43. Rc3 Nc4+ 44. Ke2 Rb2+
45. Kd1 a3 46. Rxc4 a2 47. Rc7+ Kd8 48. Ra7 Rb1+ 49. Ke2 a1=Q 50. Rxa1 Rxa1
51. Nxh6 Kd7 52. Nf5 Rh1 53. Kf3 Rxh3+ 54. Ke4 Ra3 55. Nh6 Ke6 56. Nf5 Ra4+
57. Kf3 Rf4+ 58. Kg3 Rxf5 59. gxf5+ Kxd6 0-1

[Event "Spanish Championship"]
[Site "Las Palmas Gran Canaria"]
[Date "2017.10.05"]
[Round "7"]
[White "Cuenca Jimenez, Jose Fernando"]
[Black "Vega Gutierrez, Sabrina"]
[Result "1-0"]
[WhiteTitle "GM"]
[BlackTitle "IM"]
[WhiteElo "2490"]
[BlackElo "2373"]
[Board "9"]
[WhiteCountry "ESP"]
[WhiteFideId "2255570"]
[WhiteEloChange "3"]
[BlackCountry "ESP"]
[BlackFideId "2219026"]
[BlackEloChange "-7"]

1. e4 c5 2. Nf3 e6 3. g3 Nc6 4. Bg2 Nf6 5. Qe2 d6 6. O-O Be7 7. c3 O-O 8.
d4 cxd4 9. cxd4 d5 10. e5 Ne4 11. Nbd2 Nxd2 12. Bxd2 Qb6 13. Bc3 Bd7 14.
Rfd1 a5 15. h4 a4 16. Ng5 a3 17. b3 h6 18. Nh3 Rfc8 19. Rac1 Bb4 20. Ba1
Ne7 21. Nf4 Bb5 22. Qg4 Qd8 23. Bh3 Ra6 24. Bf1 Bxf1 25. Kxf1 Rac6 26. Rxc6
Rxc6 27. Nd3 Bc3 28. Bxc3 Rxc3 29. Qe2 Nf5 30. Qd2 Rc7 31. Qb4 Qf8 32.
Qxf8+ Kxf8 33. Nb4 Ne7 34. Ke1 Ke8 35. Kd2 Kd7 36. Nc2 b6 37. Re1 h5 38.
Re3 Nc6 39. Rf3 Kd8 40. Rc3 Kd7 41. Kd3 Ra7 42. b4 Ra4 43. Rb3 f6 44. b5
Na7 45. Rxa3 Rxa3+ 46. Nxa3 fxe5 47. dxe5 Ke7 48. Kc3 Kf7 49. f3 Nc8 50.
Nc2 Ne7 51. Nd4 Nf5 52. Nxf5 exf5 1-0

[Event "Spanish Championship"]
[Site "Las Palmas Gran Canaria"]
[Date "2017.10.05"]
[Round "7"]
[White "Korneev, Oleg"]
[Black "Vega Gutierrez, Belinda"]
[Result "1-0"]
[WhiteTitle "GM"]
[BlackTitle "WIM"]
[WhiteElo "2550"]
[BlackElo "2150"]
[Board "10"]
[WhiteCountry "ESP"]
[WhiteFideId "4156803"]
[WhiteEloChange "1"]
[BlackCountry "ESP"]
[BlackFideId "2229994"]
[BlackEloChange "-2"]

1. e4 e5 2. Nf3 Nc6 3. Bb5 a6 4. Ba4 Nf6 5. d3 d6 6. O-O b5 7. Bb3 Be7 8.
a3 O-O 9. Nc3 Bg4 10. Be3 Nd4 11. Bxd4 exd4 12. Nd5 c5 13. a4 Be6 14. Nxf6+
Bxf6 15. Bxe6 fxe6 16. Qe2 Qc7 17. Rfd1 Rfb8 18. axb5 axb5 19. g3 Rc8 20.
h4 Rxa1 21. Rxa1 c4 22. Ng5 Qe7 23. Qg4 Re8 24. Qh5 h6 25. Ra7 Qf8 26. Rf7
hxg5 27. Rxf8+ Kxf8 28. hxg5 Bd8 29. Qh8+ Kf7 30. g6+ 1-0

[Event "Spanish Championship"]
[Site "Las Palmas Gran Canaria"]
[Date "2017.10.05"]
[Round "7"]
[White "Del Rio De Angelis, Salvador G."]
[Black "Alshameary Puente, Ismael"]
[Result "1-0"]
[WhiteTitle "GM"]
[BlackTitle "FM"]
[WhiteElo "2524"]
[BlackElo "2333"]
[Board "11"]
[WhiteCountry "ESP"]
[WhiteFideId "2203138"]
[WhiteEloChange "2"]
[BlackCountry "ESP"]
[BlackFideId "2225166"]
[BlackEloChange "-5"]

1. d4 Nf6 2. c4 g6 3. Nc3 d5 4. e3 Bg7 5. Qb3 e6 6. Qa3 c6 7. b3 a5 8. Nf3
Na6 9. Be2 Ne4 10. Qb2 a4 11. b4 c5 12. bxc5 Naxc5 13. Bd2 a3 14. Qc2 Nxc3
15. Bxc3 Ne4 16. Bb4 Bf8 17. Bxf8 Qa5+ 18. Nd2 Kxf8 19. f3 Nc3 20. Rc1 Nxe2
21. Kxe2 Kg7 22. Qc3 Qd8 23. Rb1 b6 24. Kf2 Qh4+ 25. g3 Qd8 26. Rhc1 h5 27.
cxd5 h4 28. g4 Qd6 29. Qc7 Qxd5 30. Qe5+ Qxe5 31. dxe5 Rd8 32. Nc4 Ba6 33.
Nd6 f6 34. Rxb6 fxe5 35. Rcc6 Bc8 36. Rc7+ Kf8 37. g5 Bd7 38. Rbb7 Ke7 39.
Ne4 Rac8 40. Nf6 Kd6 41. Rxd7+ 1-0

[Event "Spanish Championship"]
[Site "Las Palmas Gran Canaria"]
[Date "2017.10.05"]
[Round "7"]
[White "Santos Ruiz, Miguel"]
[Black "Herrera Reyes, Jose Antonio"]
[Result "1-0"]
[WhiteTitle "IM"]
[BlackTitle "FM"]
[WhiteElo "2505"]
[BlackElo "2323"]
[Board "12"]
[WhiteCountry "ESP"]
[WhiteFideId "22291482"]
[WhiteEloChange "3"]
[BlackCountry "ESP"]
[BlackFideId "2274914"]
[BlackEloChange "-5"]

1. c4 c5 2. Nf3 b6 3. g3 Bb7 4. Bg2 e6 5. Nc3 Nf6 6. O-O a6 7. Re1 Qc7 8.
e4 d6 9. d4 cxd4 10. Nxd4 Be7 11. Be3 Nbd7 12. f4 Rc8 13. Rc1 Qb8 14. Qe2
O-O 15. g4 Qa8 16. Bd2 g6 17. g5 Nh5 18. f5 Ne5 19. fxe6 Rxc4 20. Nf3 b5
21. b3 Rc5 22. Nd5 Bxd5 23. exd5 Qxd5 24. Nxe5 Qxe5 25. Qxe5 dxe5 26. Rxc5
Bxc5+ 27. Kh1 Rd8 28. Ba5 Rd6 29. b4 Bb6 30. e7 Ng7 31. Rc1 f5 32. gxf6 Ne8
33. Bxb6 Nxf6 34. Rf1 Kf7 35. Bc5 1-0

[Event "Spanish Championship"]
[Site "Las Palmas Gran Canaria"]
[Date "2017.10.05"]
[Round "7"]
[White "Vila Dupla, Aurelio"]
[Black "Suarez Gomez, Julio"]
[Result "0-1"]
[WhiteTitle "FM"]
[BlackTitle "FM"]
[WhiteElo "2139"]
[BlackElo "2485"]
[Board "13"]
[WhiteCountry "ESP"]
[WhiteFideId "2203383"]
[WhiteEloChange "-2"]
[BlackCountry "ESP"]
[BlackFideId "22275991"]
[BlackEloChange "1"]

1. Nf3 d5 2. d4 Nf6 3. c4 e6 4. Bg5 a6 5. Qc2 dxc4 6. e4 b5 7. a4 Bb7 8.
Bxf6 Qxf6 9. axb5 axb5 10. Rxa8 Bxa8 11. Nbd2 Bb4 12. Be2 Nc6 13. O-O O-O
14. d5 exd5 15. exd5 Nd4 16. Nxd4 Qxd4 17. Nf3 Qxd5 18. b3 cxb3 19. Qxc7
Qe4 20. Bd1 Bd5 21. Qc1 Bc4 0-1

[Event "Spanish Championship"]
[Site "Las Palmas Gran Canaria"]
[Date "2017.10.05"]
[Round "7"]
[White "Sanchez Jerez, Emilio Miguel"]
[Black "Moreno Ruiz, Javier"]
[Result "1-0"]
[WhiteTitle "FM"]
[BlackTitle "IM"]
[WhiteElo "2140"]
[BlackElo "2464"]
[Board "14"]
[WhiteCountry "ESP"]
[WhiteFideId "2256088"]
[WhiteEloChange "17"]
[BlackCountry "ESP"]
[BlackFideId "2203146"]
[BlackEloChange "-9"]

1. e4 c5 2. Nf3 Nc6 3. c3 d5 4. exd5 Qxd5 5. d4 Bf5 6. Be2 cxd4 7. cxd4
Bxb1 8. Rxb1 e6 9. a3 Nf6 10. b4 Bd6 11. b5 Ne7 12. b6 axb6 13. Rb5 Qc6 14.
O-O Nfd5 15. Qb3 O-O 16. Bb2 Rfc8 17. Ne5 Qc2 18. Qf3 f6 19. Bd3 Qd2 20.
Rd1 Qh6 21. Ng4 Qf4 22. Qe2 h5 23. Qxe6+ Kh8 24. Ne5 fxe5 25. Qxd6 Rd8 26.
Qxe5 Qxe5 27. dxe5 Nc3 28. Bxc3 Rxa3 29. Bb4 Raxd3 30. Rxd3 Rxd3 31. g3 Rb3
32. e6 Kg8 33. Rxb6 Nd5 34. Rd6 Nf6 35. Bc5 Rb5 36. Rd8+ Kh7 37. Bd4 Rb1+
38. Kg2 Re1 39. Be3 Kg6 40. Rf8 Nd5 41. Kf3 b5 42. Ke4 Nf6+ 43. Ke5 Ng4+
44. Kd6 Rd1+ 45. Kc5 1-0

[Event "Spanish Championship"]
[Site "Las Palmas Gran Canaria"]
[Date "2017.10.05"]
[Round "7"]
[White "Narciso Dublan, Marc"]
[Black "Iturbide Arnedo, Oscar"]
[Result "1-0"]
[WhiteTitle "GM"]
[WhiteElo "2459"]
[BlackElo "2111"]
[Board "15"]
[WhiteCountry "ESP"]
[WhiteFideId "2201500"]
[WhiteEloChange "1"]
[BlackCountry "ESP"]
[BlackFideId "2293994"]
[BlackEloChange "-2"]

1. d4 g6 2. e4 Bg7 3. c4 d6 4. Nc3 Nf6 5. f3 O-O 6. Bg5 a6 7. Nge2 Nbd7 8.
d5 c5 9. a4 Ne5 10. Ng3 h6 11. Bd2 h5 12. Be2 e6 13. O-O h4 14. Nh1 exd5
15. cxd5 Nh7 16. Nf2 f5 17. a5 b5 18. axb6 Qxb6 19. Qc1 Rb8 20. Ra2 h3 21.
g3 Nf6 22. exf5 Bxf5 23. g4 Bc8 24. Nxh3 Qb3 25. Nf4 g5 26. Ne6 Bxe6 27.
dxe6 Qxe6 28. Rxa6 Nfxg4 29. fxg4 Nxg4 30. Bf3 Bd4+ 31. Kh1 Rxf3 32. Rxf3
Bxc3 33. Bxc3 Qe2 34. Qxg5+ 1-0

[Event "Spanish Championship"]
[Site "Las Palmas Gran Canaria"]
[Date "2017.10.05"]
[Round "7"]
[White "Cruz Lledo, Pablo"]
[Black "Alvarez Fernandez, Enrique"]
[Result "1-0"]
[WhiteTitle "IM"]
[BlackTitle "FM"]
[WhiteElo "2432"]
[BlackElo "2314"]
[Board "16"]
[WhiteCountry "ESP"]
[WhiteFideId "2297361"]
[WhiteEloChange "3"]
[BlackCountry "ESP"]
[BlackFideId "2227398"]
[BlackEloChange "-7"]

1. d4 d5 2. c4 c6 3. Nf3 Nf6 4. Nc3 dxc4 5. a4 Bf5 6. Ne5 e6 7. f3 Bb4 8.
Bg5 c5 9. e4 cxd4 10. exf5 Nc6 11. Nxc6 bxc6 12. Qc2 dxc3 13. bxc3 Qd4 14.
Rc1 Qe5+ 15. Be2 Ba3 16. Rd1 Nd5 17. Rd4 O-O 18. Qe4 Qc7 19. Rxc4 Bd6 20.
O-O exf5 21. Qxf5 Bxh2+ 22. Kh1 g6 23. Qh3 Be5 24. f4 Bf6 25. Bf3 Qe7 26.
Re4 Qd6 27. c4 Nc3 28. Re3 Rfe8 29. c5 Qd4 30. Rxe8+ Rxe8 31. Bxc6 Rd8 32.
Bxf6 Qxf6 33. Bd7 Nd5 34. c6 Qd6 35. Rd1 Qc5 36. Qh4 Qe7 37. Qxe7 Nxe7 38.
c7 Rf8 39. Rb1 1-0

[Event "Spanish Championship"]
[Site "Las Palmas Gran Canaria"]
[Date "2017.10.05"]
[Round "7"]
[White "Suarez Uriel, Adrian"]
[Black "Morales Araujo, Francisco Javier"]
[Result "1-0"]
[WhiteTitle "FM"]
[WhiteElo "2406"]
[BlackElo "2134"]
[Board "17"]
[WhiteCountry "ESP"]
[WhiteFideId "22230874"]
[WhiteEloChange "2"]
[BlackCountry "ESP"]
[BlackFideId "2265990"]
[BlackEloChange "-3"]

1. e4 g6 2. d4 Bg7 3. Nc3 c6 4. Nf3 d5 5. h3 dxe4 6. Nxe4 Nd7 7. Bc4 Ngf6
8. Neg5 O-O 9. h4 Nb6 10. Bb3 Bg4 11. Nxf7 Qc7 12. N7e5+ Nbd5 13. c4 Bxf3
14. Qxf3 Nh5 15. Qe4 Ndf6 16. Qe2 Rad8 17. Be3 c5 18. O-O-O Ne4 19. Qc2
cxd4 20. c5+ e6 21. Bxd4 Rxd4 22. Bxe6+ Kh8 23. Rxd4 Nxf2 24. Re1 Bxe5 25.
Rd7 Qxc5 26. Qxc5 1-0

[Event "Spanish Championship"]
[Site "Las Palmas Gran Canaria"]
[Date "2017.10.05"]
[Round "7"]
[White "Cruz Pino, Adrian"]
[Black "Brito Garcia, Alfredo"]
[Result "0-1"]
[BlackTitle "IM"]
[WhiteElo "2115"]
[BlackElo "2351"]
[Board "18"]
[WhiteCountry "ESP"]
[WhiteFideId "32004389"]
[WhiteEloChange "-4"]
[BlackCountry "ESP"]
[BlackFideId "2200520"]
[BlackEloChange "4"]

1. c4 Nf6 2. Nc3 g6 3. g3 Bg7 4. Bg2 O-O 5. d4 d6 6. e4 Na6 7. Nf3 e5 8.
O-O exd4 9. Nxd4 Re8 10. Re1 Nc5 11. f3 c6 12. Be3 Nfd7 13. Rc1 a5 14. b3
Ne5 15. Bf1 Qc7 16. h3 h5 17. f4 Ned7 18. Bf2 Nf6 19. Bg2 Bh6 20. Ndb5 cxb5
21. Nxb5 Qb6 22. Qxd6 Qxd6 23. Nxd6 Nd3 24. Nxe8 Nxe8 25. Red1 Nxc1 26. Rd8
f6 27. Rxe8+ Kf7 28. Rd8 Ke7 29. Rd1 Nxa2 30. Bc5+ Ke8 31. e5 fxe5 32. fxe5
a4 33. bxa4 Nc3 34. Rd3 Nxa4 35. Bd4 Bf8 36. Be4 Ra6 37. Rd1 Bc5 38. h4 Nc3
0-1

[Event "Spanish Championship"]
[Site "Las Palmas Gran Canaria"]
[Date "2017.10.05"]
[Round "7"]
[White "Sarmiento Afonso, Santiago"]
[Black "Martin Duque, Jesus"]
[Result "0-1"]
[WhiteTitle "FM"]
[BlackTitle "FM"]
[WhiteElo "2050"]
[BlackElo "2387"]
[Board "19"]
[WhiteCountry "ESP"]
[WhiteFideId "2224160"]
[WhiteEloChange "-3"]
[BlackCountry "ESP"]
[BlackFideId "2208954"]
[BlackEloChange "3"]

1. e4 c5 2. Nc3 Nc6 3. f4 g6 4. Nf3 Bg7 5. Bc4 e6 6. O-O Nge7 7. d3 O-O 8.
Qe1 d5 9. Bb3 Nd4 10. Nxd4 cxd4 11. Ne2 a5 12. a4 dxe4 13. dxe4 d3 14. Nc3
Nc6 15. Nb5 dxc2 16. Bxc2 Nb4 17. Bb1 Bd7 18. Qe2 Qb6+ 19. Kh1 Rfd8 20. Nc3
Bc6 21. e5 Qa6 22. Qxa6 bxa6 23. Be3 g5 24. Ne4 Nd5 25. Bd2 Nxf4 26. Bxa5
Rd4 27. Bc3 Rxe4 28. Bxe4 Bxe4 29. Rf2 Rd8 30. h4 h6 31. Kh2 Nd3 32. Re2
Bf5 33. hxg5 hxg5 34. Rd2 Rd5 35. g4 Bxg4 36. Rg1 Bxe5+ 37. Bxe5 Nxe5 38.
Rxd5 exd5 39. Rd1 0-1

[Event "Spanish Championship"]
[Site "Las Palmas Gran Canaria"]
[Date "2017.10.05"]
[Round "7"]
[White "Perera Borrego, Maria Adela"]
[Black "Teran Alvarez, Ismael"]
[Result "1/2-1/2"]
[WhiteTitle "WFM"]
[BlackTitle "IM"]
[WhiteElo "2140"]
[BlackElo "2384"]
[Board "20"]
[WhiteCountry "ESP"]
[WhiteFideId "22238255"]
[WhiteEloChange "6"]
[BlackCountry "ESP"]
[BlackFideId "2204177"]
[BlackEloChange "-6"]

1. d4 Nf6 2. Bf4 g6 3. Nf3 Bg7 4. e3 b6 5. Be2 Bb7 6. O-O d6 7. h3 Nbd7 8.
Bh2 O-O 9. a4 a6 10. Nbd2 c5 11. c3 Qc7 12. Re1 Ne4 13. Nxe4 Bxe4 14. Nd2
Bc6 15. Bf3 Qb7 16. Qb3 d5 17. a5 b5 18. Bg4 f5 19. Be2 e5 20. Nf3 e4 21.
Nd2 c4 22. Qa3 Rf6 23. Bd6 Bf8 24. Bxf8 Raxf8 25. f4 exf3 26. Bxf3 Re8 27.
Re2 Rfe6 28. Rae1 Qc7 29. b3 Ba8 30. Qb4 Nf6 31. bxc4 bxc4 32. Rb1 Kg7 33.
Qc5 Qxc5 34. dxc5 Nd7 35. Nxc4 dxc4 36. Bxa8 Nxc5 37. Bd5 Rxe3 38. Rxe3
Rxe3 39. Rc1 Nd3 40. Rc2 Re1+ 41. Kh2 Ne5 42. Ra2 Rd1 43. Bb7 Rd6 44. Rb2
Kf6 45. Bc8 Ke7 46. Re2 Kf6 47. Rb2 Rc6 48. Bb7 Rd6 49. Bc8 h5 50. Rb8 Kg5
51. Rb6 Rd2 52. Bb7 h4 53. Rxa6 Ra2 54. Ra8 f4 55. Kg1 Nd3 56. Kf1 Rf2+ 57.
Kg1 Ra2 58. Kf1 Rf2+ 59. Kg1 Ra2 60. Kf1 1/2-1/2

[Event "Spanish Championship"]
[Site "Las Palmas Gran Canaria"]
[Date "2017.10.05"]
[Round "7"]
[White "Rodrigo Yanguas, Maria"]
[Black "Tejedor Fuente, Enrique"]
[Result "0-1"]
[WhiteTitle "WFM"]
[BlackTitle "FM"]
[WhiteElo "2070"]
[BlackElo "2368"]
[Board "21"]
[WhiteCountry "ESP"]
[WhiteFideId "2281201"]
[WhiteEloChange "-3"]
[BlackCountry "ESP"]
[BlackFideId "2299100"]
[BlackEloChange "3"]

1. e4 e6 2. d4 d5 3. e5 c5 4. c3 Nc6 5. Nf3 Qb6 6. a3 f6 7. exf6 Nxf6 8. b4
c4 9. a4 Bd6 10. Be2 O-O 11. O-O e5 12. b5 e4 13. bxc6 exf3 14. Bxf3 bxc6
15. Ba3 Bxa3 16. Nxa3 Bf5 17. Qc1 Rab8 18. Nc2 a5 19. Ne3 Bd3 20. Re1 Qb2
21. Qxb2 Rxb2 22. Nd1 Rb3 23. Be2 Re8 24. Kf1 Ne4 25. f3 Nd2+ 26. Kf2 Rxe2+
27. Rxe2 Bxe2 28. Kxe2 Nb1 29. Ne3 Rb2+ 30. Kf1 Nxc3 31. Nf5 Na2 32. Re1 c3
33. Re8+ Kf7 34. Nd6+ Kf6 35. g4 c2 36. g5+ Kg6 37. Re6+ Kh5 0-1